El desarrollo econoómico (Registro nro. 6778)

Detalles MARC
000 -LEADER
fixed length control field 00768 a2200193 4500
001 - CONTROL NUMBER
control field 59658
005 - DATE AND TIME OF LATEST TRANSACTION
control field 20260407155850.0
008 - FIXED-LENGTH DATA ELEMENTS--GENERAL INFORMATION
fixed length control field 260407a1958 arg spa d
003 - CONTROL NUMBER IDENTIFIER
control field AR-UNSa-BCEJYS
040 ## - CATALOGING SOURCE
Original cataloging agency AR-UNSa-BCEJYS
Language of cataloging spa
Transcribing agency AR-UNSa-BCEJYS
080 ## - UNIVERSAL DECIMAL CLASSIFICATION NUMBER
Universal Decimal Classification number 330.34
Common auxiliary subdivision Desarrollo Económico
100 1# - MAIN ENTRY--PERSONAL NAME
Personal name Barre, Raymond
245 10 - TITLE STATEMENT
Title El desarrollo econoómico
Name of part/section of a work análisis y política
264 #1 - PRODUCTION, PUBLICATION, DISTRIBUTION, MANUFACTURE, AND COPYRIGHT NOTICE
Place of production, publication, distribution, manufacture México :
Name of producer, publisher, distributor, manufacturer Fondo de Cultura Económica
Date of production, publication, distribution, manufacture, or copyright notice 1958
300 ## - PHYSICAL DESCRIPTION
Extent 173 p.
Dimensions 17 cm.
505 ## - FORMATTED CONTENTS NOTE
Formatted contents note 1. Aspectos económicos de un país subdesarrollado - 2. Aspectos extraeconómicos de un país subdesarrollado - 3. Los crecimientos espontáneos - 4. Los crecimientos planificados - 5. Crecimientos cerrados y abiertos
590 ## - LOCAL NOTE (RLIN)
Local note niveau_biblio:m niveau_hierar:0
942 ## - ADDED ENTRY ELEMENTS (KOHA)
Koha item type
Existencias
Withdrawn status Lost status Damaged status Not for loan Home library Current library Shelving location Date acquired Total checkouts Full call number Barcode Date last seen Price effective from Koha item type
        Biblioteca Prof. Eusebio Cleto del Rey Biblioteca Prof. Eusebio Cleto del Rey   07/04/2026   330.34 B271d L23784 07/04/2026 07/04/2026 Libro